000 00694nam a22001577a 4500
008 120419s1977 ua|||||r|||| 000 0 ara d
082 _a301.412962
_bع و ي
100 _929663
_aعويس ، سيد
245 _aحديث عن المرأة المصرية المعاصرة :
_bدراسة ثقافية اجتماعية /
_cتأليف سيد عويس
260 _aالقاهرة :
_bمطبعة أطلس،
_c1977
300 _a310 ص ؛
_c22 سم
650 _929664
_aالمرأة في مصر
653 _bGeneral
_cApril2012
942 _2ddc
_cBB
999 _c16665
_d16665